The return of the king : Being the third part of the Lord of the Rings
محفوظ في:
| المؤلف الرئيسي: | |
|---|---|
| التنسيق: | كتاب |
| اللغة: | Undetermined |
| منشور في: |
New York
Ballantine
1994
|
| الموضوعات: | |
| الوسوم: |
إضافة وسم
لا توجد وسوم, كن أول من يضع وسما على هذه التسجيلة!
|
| Thư viện lưu trữ: | Trung tâm Học liệu Trường Đại học Cần Thơ |
|---|
| LEADER | 00562nam a2200205Ia 4500 | ||
|---|---|---|---|
| 001 | CTU_158483 | ||
| 008 | 210402s9999 xx 000 0 und d | ||
| 020 | |c 12 | ||
| 082 | |a 823.912 | ||
| 082 | |b T649 | ||
| 100 | |a Tolkien, J. R. R. | ||
| 245 | 4 | |a The return of the king : | |
| 245 | 0 | |b Being the third part of the Lord of the Rings | |
| 245 | 0 | |c J. R. R. Tolkien | |
| 260 | |a New York | ||
| 260 | |b Ballantine | ||
| 260 | |c 1994 | ||
| 650 | |a Fantasy fiction,English fiction | ||
| 904 | |i Giang | ||
| 980 | |a Trung tâm Học liệu Trường Đại học Cần Thơ | ||